| 000 | 01105nam a2200229Ia 4500 | ||
|---|---|---|---|
| 999 |
_c36418 _d36418 |
||
| 001 | 2332 | ||
| 003 | GE_BSU | ||
| 005 | 20221025103146.0 | ||
| 008 | 181216s2011ru xx |||||||||||||| ||rus|| | ||
| 020 | _a9789941172441 | ||
| 040 | _cGE_BSU | ||
| 041 | _arus | ||
| 080 | _a81 А-95 | ||
| 100 |
_aАхвледиани, Мераб _96815 |
||
| 245 |
_aЗаимствование и адаптирование поэтической лексики(на материале русских поэтических произведении и переводов грузинской поэзии XX века) / _cМераб Ахвледиани,ред. Г.И. Цибахашвили |
||
| 264 |
_aТбилиси : _bУниверсал, _c2011. |
||
| 300 |
_a159 стр.: _b20 см. |
||
| 653 | _aЗаимствование и адаптирование поэтической лексики | ||
| 653 | _aპოეტური ლექსიკის სესხება და ადაპტაცია | ||
| 700 |
_aЦибахашвили, Г.И. _eრედაქტორი _915509 |
||
| 942 |
_cBK _2udc |
||